La Sagrada Escritura (Record no. 171392)

MARC details
000 -LEADER
campo de control de longitud fija 01034nam a2200277 i 4500
001 - NÚMERO DE CONTROL
campo de control 171392
003 - IDENTIFICADOR DE NÚMERO DE CONTROL
campo de control ES-MaACL
005 - FECHA Y HORA DE LA ÚLTIMA TRANSACCIÓN
campo de control 20250808062805.0
008 - DATOS DE LONGITUD FIJA--INFORMACIÓN GENERAL
campo de control de longitud fija 090513s1971 sp |||| | spa d
017 ## - NÚMERO DE COPYRIGHT O DE DEPÓSITO LEGAL
Número de copyright o de depósito legal M 13663-1967
130 0# - ENTRADA PRINCIPAL--TÍTULO UNIFORME
Título uniforme Biblia.
Nombre de parte o sección de la obra A.T.
-- Libros proféticos.
Lenguaje de la obra Español.
9 (RLIN) 140113
245 10 - MENCIÓN DEL TÍTULO
Título La Sagrada Escritura
Resto del título : texto y comentario : Antiguo Testamento.
Número de parte o sección de la obra VI /
Mención de responsabilidad, etc. colaboran J. Alonso y F. Buck ; dirige, Juan Leal.
260 ## - PUBLICACIÓN, DISTRIBUCIÓN, ETC.
Lugar de publicación, distribución, etc. Madrid :
Nombre del editor, distribuidor, etc. [La Editorial Católica],
Fecha de publicación, distribución, etc. 1971.
300 ## - DESCRIPCIÓN FÍSICA
Extensión XXX, 1 h., 608 p. , 1 h. ;
Dimensiones 20 cm.
490 1# - MENCIÓN DE SERIE
Mención de serie Biblioteca de autores cristianos ;
Designación de volumen o secuencia 323
500 ## - NOTA GENERAL
Nota general Índice.
504 ## - NOTA DE BIBLIOGRAFÍA, ETC.
Nota de bibliografía, etc. Bibliografía : p. [XVIII]-XXX.
505 8# - NOTA DE CONTENIDO CON FORMATO
Nota de contenido con formato Contiene : Daniel y Profetas menores
594 ## - Nota al título y mención de responsabilidad
Nota al título y mención de responsabilidad En el lomo : Profesores de la Compañía de Jesús.
700 0# - ENTRADA AGREGADA--NOMBRE PERSONAL
Nombre de persona Leal, Juan.
9 (RLIN) 70969
700 0# - ENTRADA AGREGADA--NOMBRE PERSONAL
Nombre de persona Alonso Díaz, José.
9 (RLIN) 20300
700 1# - ENTRADA AGREGADA--NOMBRE PERSONAL
Nombre de persona Buck, Fidel.
9 (RLIN) 140074
830 00 - PUNTO DE ACCESO ADICIONAL DE SERIE-TÍTULO UNIFORME
Título uniforme Biblioteca de autores cristianos
Designación de volumen o secuencia 323
9 (RLIN) 178679
852 ## - LOCALIZACIÓN
Ubicación ES-MaACL
Número de control de estantería J-316
itemnumber R.46092
Holdings
Estatus retirado Estado de pérdida Estado de daño No para préstamo Biblioteca de origen Biblioteca actual Ubicación en estantería Fecha de adquisición Fuente de adquisición Total de préstamos Signatura topográfica completa Código de barras Visto por última vez Precio de reemplazo Tipo de ítem Koha
        Biblioteca del Ateneo de Madrid Biblioteca del Ateneo de Madrid Depósito 2 13/05/2009     J-316 1179867 23/02/2023 23/02/2023 Libro impreso